000
00457nam a2200145Ia 4500
008
100204s9999 xx 000 0 und d
082
_b
12455
100
_a
टिळक अशोक देवदत्त
245
_a
शांतिसदन
260
_b
"पॉप्युलर प्रकाशन , मुंबई"
_c
1989
300
_a
64
630
_a
शांतिसदन
730
_a
शांतिसदन
942
_c
BOOK
999
_c
456888
_d
456885